000 01070cam a2200313 4500
999 _c130311
_d130311
001 2183525
003 ARRUPE
005 20200206093411.0
008 710504s1970 enkacfh b 001 0beng
010 _a 70557001
015 _aB70-30545
020 _a0718108167
040 _aDLC
_cDLC
_dDLC
043 _ae-uk---
050 0 0 _aDA501.A35
_bM37 1970
082 0 0 _a942.07/2/0922
_aB
100 1 _aMarples, Morris,
_d1901-
_949390
245 1 0 _aPoor Fred and the Butcher:
_bsons of George II.
_cMorris Marples
260 _aLondon,
_bMichael Joseph,
_c1970.
300 _axi, 243 p., 16 plates.
_billus., facsims., ports.
_c23 cm.
350 _a50/-
504 _aBibliography: p. 232-233.
600 0 0 _aFrederick Louis,
_cPrince of Wales,
_d1707-1751.
_949391
600 0 0 _aWilliam Augustus,
_cPrince, Duke of Cumberland,
_d1721-1765.
_949392
600 0 0 _aGeorge
_bII,
_cKing of Great Britain,
_d1683-1760
_xFamily.
_949393
650 0 _aPrinces
_zGreat Britain
_xBiography.
_949394
906 _a7
_bcbc
_corignew
_d3
_encip
_f19
_gy-gencatlg
942 _2lcc
_cMONOGRAPH